000 02057nam a2200613 i 4500
001 33159
003 KOSZ 005
005 20211221121823.0
008 981013s1998 pl a f f |000 0 pol
015 _aUWD 1998/14518
020 _a8390387832
035 _a991006929859705066
035 _a(PL-WaBN)b11801670-48omnis_nlop
035 _ab11801670
035 _a(OCoLC)830196061
035 _acc98221935
035 _a(PL)b0000001180167
035 _a(EXLNZ-48OMNIS_NETWORK)9910222827505606
040 _aWA N
_cWA N
_dKOSZ 005/HR
041 0 _apol
046 _k1998
080 _a004.42
080 _a004.4'232
080 _a004.92
080 _a(075.8)
100 1 _aŁaczek, Stanisław
_eAutor
245 1 0 _aZastosowanie programu AutoCAD w konstruowaniu elementów maszyn :
_bpomoc dydaktyczna /
_cStanisław Łaczek, Bogdan Szybiński ; Politechnika Krakowska im. Tadeusza Kościuszki.
250 _aWyd. 2 popr.
260 _aKraków :
_bPK,
_c1998.
300 _a139 s. :
_brys., wykr. ;
_c24 cm.
336 _aTekst
_btxt
_2rdacontent
337 _aBez urządzenia pośredniczącego
_bn
_2rdamedia
338 _aWolumin
_bnc
_2rdacarrier
380 _aKsiążki
380 _aPublikacje dydaktyczne
385 _mPoziom nauczania
_aSzkoły wyższe
388 _a1901-2000
388 _a1989-2000
504 _aBibliogr. s. 111.
650 7 _aAutoCAD
_2DBN
650 7 _aMaszyny
_2DBN
650 7 _aCzęści maszyn
650 7 _aProgramy graficzne
_2DBN
650 7 _aProjektowanie wspomagane komputerowo
_2DBN
655 7 _aPodręczniki akademickie
_2DBN
655 7 _aRysunek techniczny
_2DBN
658 _aInformatyka i technologie informacyjne
658 _aInżynieria i technika
700 1 _aSzybiński, Bogdan
_eAutor
710 2 _aWydawnictwo Politechniki Krakowskiej
856 _uhttp://koha.tu.koszalin.pl/cgi-bin/koha/opac-detail.pl?biblionumber=33159
_yKatalog online BPK
942 _2UKD
_cKS
999 _c33159
_d33159